Регионална библиотека "Любен Каравелов" - Русе

Моята първа книга за Траките (Запис номер 176872)

MARC детайли
000 -Лидер
Контролно поле с фиксирана дължина 01993nam a2200445 c 4500
003 - Код на организацията, давaща контролен номер
Контролно поле BLK
005 - Дата и час на последна редакция
Контролно поле 20241221122819.0
008 - Елементи от данни с фиксирана дължина
fixed length control field 180411b bul|||||r ||||||| ||bul||
010 ## - Наследен системен номер
LC control number KNG00185502000
020 ## - Международен стандартен номер на книга ISBN
Международен стандартен номер на книга ISBN 978-954-660-529-0
-- издат.: ПАН
040 ## - Източник на каталожния запис
Идентификатор на билиотеката - собственик на записа BLK
041 ## - Код за език
Код за езика на текст/звукозапис или на отделно заглавие Български
Код за езика КДБФ Български
072 #7 - Код за тематичната категория
Код организация bullib
Код за тематична категория Н86
Текст Детска отраслова литература Н
080 ## - УДК
Текстов определител УДК Тракийски племена и тракийска държава (V в. пр. н. е. -V в. от н. е. )
УДК код - определител по УДК 94(497.2)"-04/+04"
УДК определител (02.053.2)
УДК - код + определител 94(497.2)"-04/+04"(02.053.2)
080 ## - УДК
Текстов определител УДК Паметници на културата на историческите периоди. Археологическите паметници. Старини
УДК код - определител по УДК 904
УДК определител (497.2=919.885)(02.053.2)
УДК - код + определител 904(497.2=919.885)(02.053.2)
100 ## - Редна дума - Автор
Автор Лалев, Цанко
Пълна форма на името Дулев, Цанко Лалев
R(LIN) 363801
139 ## - Редно поле
Редна дума Лалев, Цанко
Авторски знак Лал - Л 17
245 10 - Сведения за заглавието
Заглавие Моята първа книга за Траките
Редно поле (дума) Цанко Лалев; * Цанко Лалев Дулев.
257 ## - Страна на издаване
Страна на създаване/издаване България
260 ## - Област на издателските данни
-- София
Име на издателя, разпространителя и проч. ПАН
Година на издаване 2015
300 ## - Физическа характеристика
Страници 16 с.
Илюстрации и др. с цв. ил., к.
Размери/Мащаб 28 см
380 ## - Жанр
Жанр Детска отраслова лит.
490 1# - СЕРИИ (Колекции)
Име на серия Поредица Моята първа книга за...
500 ## - Общи забележки
Забележка Пълното име на авт. е Цанко Лалев Дулев.
650 #4 - Допълнително описание по предмет – тема
Основно описание – тема или топоним Траки - история и култура
9 (RLIN) 266676
650 #4 - Допълнително описание по предмет – тема
Основно описание – тема или топоним Древна Тракия - история и култура
9 (RLIN) 250539
651 #4 - Допълнително описание по предмет - топоним
Географско понятие Древна Тракия
9 (RLIN) 245252
651 #4 - Допълнително описание по предмет - топоним
Географско понятие България
9 (RLIN) 241624
653 ## - Ключова дума – ненормативна
Ключова дума траки
653 ## - Ключова дума – ненормативна
Ключова дума история
653 ## - Ключова дума – ненормативна
Ключова дума култура
659 ## - Тематичен бюлетин
Тематичен бюлетин Н
700 1# - Други автори (авторска отговорност)
Лично име Дулев, Цанко Лалев
Автороска отговорност (Описва отношението между автора и произведението) *
9 (RLIN) 365797
852 ## - Местоположение
Форматна сигнатура Цб ІІ 21127
856 4# - Електронен адрес и достъп
Електронен формат pdf - файл
Път до файла /url/
856 4# - Електронен адрес и достъп
Електронен формат pdf - файл
Път до файла /url/
942 ## - АРТИКУЛИ
Вид на библиотечния материал Книги
Скрит в OPAC Не
Koha issues (borrowed), all copies 4
944 ## - СЪЗДАВАНЕ И РЕДАКЦИЯ на ЗАПИСА
Създаване/Редакция Създаване
Дата на регистрацията/редакция 12.12.2015
Статус, дата на статуса Лиляна Коева
Служител, извършил регистрацията/редакцията 30532
944 ## - СЪЗДАВАНЕ И РЕДАКЦИЯ на ЗАПИСА
Създаване/Редакция Редакция
Дата на регистрацията/редакция 06.01.2016
Статус, дата на статуса ф /
Служител, извършил регистрацията/редакцията Людмила_Стоянова
999 ## - СИСТЕМНИ КОНТРОЛНИ НОМЕРА
Koha biblionumber 176872
Koha biblioitemnumber 176872
Наличности
Код за отписване Код за изгубен артикул Код за повреда Коз за рестрикции Код за отдаване Артикулен № Име на библиотеката - собственик Име на библиотеката, в която се намира в момента Статус (Текущо местоположение) Дата на вписване в системата Местоположение - отдел Цена в лева Инвентарен номер Систематично азбучна сигнатура Баркод Номер на екземпляра Цена в евро Служебна бележка Служебен тип на артикула Източник на класификационната схема
  Не е изгубен Не е повреден без рестрикции заемане за дома 304169 Регионална библиотека "Любен Каравелов" Русе Регионална библиотека "Любен Каравелов" Русе Детски отдел 2015-12-17 Детски отдел 2.90 120000795803 ДН 949.72/Л 17 120000795803 1 1.48 Дост: Pk Вид: Ф N: 447 Дата: 14.12.2015 Книги  
  Не е изгубен Не е повреден без рестрикции заемане за дома 304170 Регионална библиотека "Любен Каравелов" Русе Регионална библиотека "Любен Каравелов" Русе Детски отдел 2015-12-17 Детски отдел 2.90 120000795804 ДН 949.72/Л 17 120000795804 2 1.48 Дост: Pk Вид: Ф N: 447 Дата: 14.12.2015 Книги  
  Не е изгубен Не е повреден само за читалня ползва се в читалня 754777 Регионална библиотека "Любен Каравелов" Русе Регионална библиотека "Любен Каравелов" Русе Хранилище 2020-01-29 Хранилище 2.90   Цб ІІ 24393 120000841792   1.48   Книги Universal Decimal Classification
Vip Innovations Ltd, Rousse, Bulgaria 2025